Law, Justice and Human Rights In India: (Record no. 201621)

MARC details
000 -LEADER
fixed length control field 00704nam a22002057a 4500
005 - DATE AND TIME OF LATEST TRANSACTION
control field 20240320112947.0
010 ## - LCCN (DPL NO)
LC control number ENG-139493
020 ## - INTERNATIONAL STANDARD BOOK NUMBER
International Standard Book Number 9789354421105
Terms of availability 1500.00
035 ## - SYSTEM CONTROL NUMBER
System control number EN-123025
037 ## - SOURCE OF ACQUISITION
Source of stock number/acquisition DBAD/PUB
082 ## - DEWEY DECIMAL CLASSIFICATION NUMBER
Classification number 340.110954
Edition number 1
100 ## - MAIN ENTRY--PERSONAL NAME
Personal name Unni, Jeemol
245 ## - TITLE STATEMENT
Title Law, Justice and Human Rights In India:
Remainder of title Short Reflections/
Statement of responsibility, etc By Kalpan Kannabiran and Forward By Aanad Teltumbde
250 ## - EDITION STATEMENT
Edition statement 1
260 ## - PUBLICATION, DISTRIBUTION, ETC. (IMPRINT)
Place of publication, distribution, etc Hyderabad
Name of publisher, distributor, etc Orient Blackswan Private Ltd
Date of publication, distribution, etc 2021
270 ## - ADDRESS
Address 3-6-752, Himayatnagar
City Hyderabad
Postal code 500029
Electronic mail address info@orintblackswan.com
300 ## - PHYSICAL DESCRIPTION
Extent xxv,387p.
Dimensions 21cm(pbk)
700 ## - ADDED ENTRY--PERSONAL NAME
Personal name Teltumbde, Aanad
9 (RLIN) 63619
942 ## - ADDED ENTRY ELEMENTS (KOHA)
Source of classification or shelving scheme Dewey Decimal Classification
Classification part 340.110954
Item type English Books
Call number suffix KAN
Edition 1
Holdings
Withdrawn status Lost status Not for loan Collection code Home library Current library Date acquired Source of acquisition Cost, normal purchase price Full call number Barcode Copy number Cost, replacement price Koha item type
      Non-fiction Bawana Bawana 20/03/2024 DBAD 1500.00 340.110954 KAN EN-123025 1 1500.00 English Books

© Delhi Public Library
Hit Counter
free hit counter